BIBLIOTHÈQUE DE LA MAISON DU MEXIQUE

Logo 1 Logo 2

Las ciencias y las humanidades (notice nᵒ 5474)

détails MARC
000 -Sello discográfico
campo de control de longitud fija 01118nam a2200349 4500
005 - Identificación de versión
campo de control 20251016084456.0
010 ## - Número Estándar Internacional de Libros (ISBN)
Número (ISBN) 84-375-0082-6
035 ## - Otros números de control del sistema
Número de control del sistema 5789
099 ## - fechas locales
Tipo de ítem Koha LIBRO
100 ## - Datos de procesamiento general
Datos de procesamiento general 20111205d1976 m y1spay5003 ba
101 ## - Idioma del recurso
Idioma del texto, banda sonora, etc. Español; Castellano
Idioma de la obra original Inglés
105 ## - Campo de datos codificados: Material textual, monográfico
Datos codificados de monografía y 001zy
200 1# - Título y mención de responsabilidad
Título propio Las ciencias y las humanidades
Designación general del material texto impreso
Otra información del título conflicto y reconciliación
Primer mención de responsabilidad W.T. Jones
Declaración de responsabilidad subsiguiente traducción Flora Botton Burlá
205 ## - Declaración de edición
Declaración de edición 1a ed
210 ## - Publicación, distribución, etc.
Lugar de publicación, distribución, etc. Madrid
Nombre del editor, distribuidor, etc. Fondo de Cultura Económica
Fecha de publicación, distribución, etc. 1976
215 ## - Descripción física
Designación de material específico y extensión del ítem 433 p
Dimensiones 17 cm
345 ## - Nota de información de adquisición
Fuente de adquisición/dirección de la suscripción [OBSOLETO] Donación
410 #1 - Series
Título Breviarios del Fondo de Cultura Económica
Número de volumen 266
454 #1 - Traducción de
Título The Sciences an the Humanities. Conflict and Reconciliation
606 ## - Término temático usado como materia
Elemento de entrada Ciencias y humanidades
Número Koha 10733
606 ## - Término temático usado como materia
Elemento de entrada Pensamiento
Número Koha 6488
660 ## - Código de área geográfica
Código MX
700 ## - Nombre personal - Responsabilidad primaria
Elemento de entrada Jones
Parte del nombre distinta del elemento de entrada William Thomas
Fechas 1910-1998
Número Koha 10734
702 ## - Nombre personal - Responsabilidad secundaria
Elemento de entrada Botton Beja
Parte del nombre distinta del elemento de entrada Flora
Fechas 1933-
Número Koha 10735
801 #0 - Fuente de origen
País FR
Agencia cm
Reglas de catalogación (convenciones descriptivas) AFNOR
900 ## -
-- 1/20937
900 ## -
-- 7100214919\051202
942 ## - ELEMENTOS DE ENTRADA SECUNDARIOS (KOHA)
Tipo de ítem Koha Livre
996 ## -
-- MEX
-- 751145101
-- MMAG
-- 004747
-- 082.1 B846 V.266
-- 20210503LIV
Exemplaires
Estatus retirado Estado de daño Estado de pérdida Fecha de adquisición Biblioteca de origen Biblioteca actual Ubicación en estantería Código de barras Precio de reemplazo Signatura topográfica completa No para préstamo Tipo de ítem Koha Nota pública Nota no pública
      05/08/2025 Casa México Paris Casa México Paris   004747 05/08/2025 082.1 B846 V.266   Livre 20210503LIV 751145101